| 000 | 00481nam a2200205Ia 4500 | ||
|---|---|---|---|
| 003 | 0100 | ||
| 008 | 130303s9999 xx 000 0 und d | ||
| 020 | _a0816612242 | ||
| 040 | _cARRUPELIB | ||
| 050 | _aB1499.S4W 1983 | ||
| 100 | _aWright, John P | ||
| 245 | 4 | _aThe Sceptical realism of David Hume | |
| 260 | _aMinneapolis | ||
| 260 | _bUniversity of Minnesota Press | ||
| 260 | _C1983 | ||
| 300 | _a269p | ||
| 650 | _aPHILOSOPHY | ||
| 700 | _aHume, David | ||
| 942 | 0 | 0 | _02 |
| 999 |
_c24734 _d24734 |
||